000 00367nam a22001337a 4500
999 _c5705
_d5703
005 20210831125317.0
008 180628b xxu||||| |||| 00| 0 eng d
041 _aeng
100 _aRAY, AMAL AND BHATTACHARYA, MOHIT
_94408
245 _aPOLITICAL THEORY IDEAS AND INSTITUTIONS
260 _aKOLKATA
_bTHE WORLD PRESS PVT. LTD
_cKOLKATA
300 _a616p,
942 _cBK